Cervantes y su concepto del arte. Tomo I

Tallennettuna:
Bibliografiset tiedot
Päätekijä: Percas de Ponsenti, Helena
Aineistotyyppi: Kirja
Kieli:Undetermined
Julkaistu: Madrid, España Gredos 1975
Aiheet:
Tagit: Lisää tagi
Ei tageja, Lisää ensimmäinen tagi!

MARC

LEADER 00000nam a2200000Ia 4500
008 170316s9999 xx 000 0 und d
040 |a cru BVZT 
090 |a 862 P-10c v.1 
100 |a Percas de Ponsenti, Helena 
245 |a Cervantes y su concepto del arte. Tomo I 
260 |a Madrid, España 
260 |b Gredos 
260 |c 1975 
300 |a 304 páginas Tomo I 
650 |a LITERATURA ESPAÑOLA 
999 |c 10261  |d 10261 
942 |c 15 D  |h 862 P-10c v.1  |2 z